Linie U-Bahn w Berlinie (krańcówki) - Statystyki

Ogólne statystyki
  • Ten quiz został rozwiązany 16 razy
  • Średni wynik to 5 z 9
Statystyki odpowiedzi
Linia Jedna krańcówka Druga krańcówka % Poprawnych
U1 Uhlandstr. Warschauer Straße
79%
U3 Krumme-Lanke Warschauer Straße
79%
U5 Hauptbahnhof Hönow
71%
U7 Rathaus Spandau Rudow
64%
U2 Pankow Ruhleben
64%
U4 Innsbrucker Platz Nollendorfplatz
50%
U6 Kurt-Schumacher Platz Alt-Mariendorf
43%
U8 Hermannstr. Wittenau
29%
U9 Rathaus Steglitz Osoler Straße
0%
Nie znaleziono quizów pasujących do podanych kryteriów
Rozkład punktacji
Procent ludzi z każdym wynikiem
Percentyl według liczby udzielonych odpowiedzi
Twoja historia wyników
Nie rozwiązałeś tego quizu